The unity of the Twelve / (Record no. 10810)

MARC details
000 -LEADER
fixed length control field 00954nam a2200301Ia 4500
001 - CONTROL NUMBER
control field 21290761
003 - CONTROL NUMBER IDENTIFIER
control field OSt
005 - DATE AND TIME OF LATEST TRANSACTION
control field 20210915192034.0
008 - FIXED-LENGTH DATA ELEMENTS--GENERAL INFORMATION
fixed length control field 900627s1990 enk b 00110 eng d
010 ## - LIBRARY OF CONGRESS CONTROL NUMBER
LC control number gb90-20078
015 ## - NATIONAL BIBLIOGRAPHY NUMBER
National bibliography number GB90-20078
020 ## - INTERNATIONAL STANDARD BOOK NUMBER
International Standard Book Number 1850752508 :
040 ## - CATALOGING SOURCE
Original cataloging agency UKM
Transcribing agency UKM
Modifying agency BPS
050 14 - LIBRARY OF CONGRESS CALL NUMBER
Classification number BS1560
082 04 - DEWEY DECIMAL CLASSIFICATION NUMBER
Classification number 224.90
Edition number 20
Item number H842U
100 10 - MAIN ENTRY--PERSONAL NAME
Personal name House, Paul R.,
Dates associated with a name 1958-
245 14 - TITLE STATEMENT
Title The unity of the Twelve /
Statement of responsibility, etc. Paul R. House
260 0# - PUBLICATION, DISTRIBUTION, ETC.
Place of publication, distribution, etc. Sheffield, Eng. :
Name of publisher, distributor, etc. Almond Press,
Date of publication, distribution, etc. 1990
300 ## - PHYSICAL DESCRIPTION
Extent 262 p. ;
Dimensions 22 cm
490 1# - SERIES STATEMENT
Series statement Journal for the study of the Old Testament supplement series ;
Volume/sequential designation 97
490 1# - SERIES STATEMENT
Series statement Bible and literature series ;
Volume/sequential designation 27
500 ## - GENERAL NOTE
General note Includes indexes
504 ## - BIBLIOGRAPHY, ETC. NOTE
Bibliography, etc. note Bibliography: p. [247]-252
630 00 - SUBJECT ADDED ENTRY--UNIFORM TITLE
Uniform title Bible.
Name of part/section of a work Minor Prophets
General subdivision Criticism, Textual
830 #0 - SERIES ADDED ENTRY--UNIFORM TITLE
Uniform title Journal for the study of the Old Testament.
Name of part/section of a work Supplement series ;
Volume/sequential designation 97
830 #0 - SERIES ADDED ENTRY--UNIFORM TITLE
Uniform title Bible and literature series ;
Volume/sequential designation 27
942 ## - ADDED ENTRY ELEMENTS (KOHA)
Source of classification or shelving scheme Dewey Decimal Classification
Koha item type Books
Holdings
Withdrawn status Lost status Source of classification or shelving scheme Damaged status Not for loan Collection code Home library Current library Shelving location Date acquired Total Checkouts Full call number Barcode Date last seen Price effective from Koha item type
    Dewey Decimal Classification     Non-fiction Harvest Mission College Harvest Mission College General Stacks 15.09.2021   224.90 H842U 012635 15.09.2021 15.09.2021 Books

OPAC Designed and Maintained by HMC Library Team.
Copyright © HMC Library,Greater Noida, UP.
For any Suggestions/Query Contact library via Email:libhmc@gmail.com